000 00558nam a2200193Ia 4500
003 OSt
005 20200909121118.0
008 190216s9999||||xx |||||||||||||| ||und||
020 _a9788120316010
040 _coclc
082 _a537.6
_bGRI/I
100 _aGriffiths, David J
_94422
245 0 _aIntroduction to Electrodynamics /
_cDavid J Griffiths
250 _a3rd Ed.
260 _bPrentice Hall Of India Pvt Ltd,
_c2000.
_aNew Delhi:
300 _a576p
650 _aPhysics
942 _cBK
_2ddc
_h537.6
_iGRI/I
_k537.6
_mGRI/I
999 _c33507
_d33507